000 00534nam a22001937a 4500
003 KOHA_MİRAKIL
005 20250415140743.0
008 250415b tu ||||| |||| 00| 0 tur d
020 _a9786053140351
040 _aTR-AnABB
_btur
_cTR-AnABB
041 _atur
082 _a813.42
_bTUR 2015
100 _aTürkali, Vedat,
_d1919-2016
245 1 0 _aGüven /
_cVedat Türkali
260 _aİstanbul :
_bAyrıntı Yayınları,
_c2021
300 _a574 sayfa ;
_c21 cm
650 0 4 _aTürk edebiyatı, roman
942 _2ddc
_cBK
999 _c8699
_d8699
900 _bGizem YORULMAZ